Relatos zoques = Dü ore'omora'mbü jaye /

Colección formada por compilaciones de relatos de los pueblos indígenas de México. Las compilaciones reúnen una amplia gama de narraciones que expresan realidades sociales diversas, un simbolismo y una creación estética particular, que temáticamente abarca el mito; las fábulas y ejemplos morales; as...

Бүрэн тодорхойлолт

-д хадгалсан:
Номзүйн дэлгэрэнгүй
Формат: Ном
Хэл сонгох:испани
Хэвлэсэн: México : CONACULTA, Dirección General de Culturas Populares e Indígenas, 1997, c1997
Цуврал:(Lenguas de México ; 17)
Нөхцлүүд:
Шошгууд: Шошго нэмэх
Шошго байхгүй, Энэхүү баримтыг шошголох эхний хүн болох!

MARC

LEADER 00000nam^a2200000^a^4500
001 000165005
005 20250521000000.0
009 20260310101004.317
020 |a 968-29-7680-4 
020 |a 970-18-0238-1 
037 |a Acervo ITESO - Biblioteca 
041 |a ESP 
082 |a 897.  |b LEN V. 17 
245 0 0 |a Relatos zoques =  |b Dü ore'omora'mbü jaye / 
264 4 |a México :  |b CONACULTA, Dirección General de Culturas Populares e Indígenas,  |c 1997, c1997 
300 |a 75 p. 
336 |a texto  |b txt  |2 rdacontenido 
337 |a sin mediación  |b n  |2 rdamedio 
338 |a volumen  |b nc  |2 rdasoporte 
440 1 |a (Lenguas de México ;  |v 17) 
520 |a Colección formada por compilaciones de relatos de los pueblos indígenas de México. Las compilaciones reúnen una amplia gama de narraciones que expresan realidades sociales diversas, un simbolismo y una creación estética particular, que temáticamente abarca el mito; las fábulas y ejemplos morales; astros y elementos naturales; el hombre y sus normas, usos y costumbres sociales; brujos y apariciones. Los distintos volúmenes se nutren de los esfuerzos de escrituración de las lenguas indígenas, realizados por los propios creadores durante las dos décadas del siglo XX, que ponen de manifiesto un proceso cultural de tránsito de una literatura oral hacia una expresión literaria escrita. El presente volumen recoge relatos en zoque, que guarda -en este orden- relaciones de subordinación con las siguientes ramas de las lenguas indígenas: mixeano y maya-totonaco. 
546 |a Edición bilingüe español-zoque 
649 |a XX 
650 |a Cuentos Zoques 
650 |a Cuentos Indígenas 
650 |a Cuentos Mexicanos 
650 |a Literatura Zoque -  |y Siglo XX 
650 |a Literatura Indígena -  |z México 
650 |a Literatura Mexicana -  |y Siglo XX 
650 |a Literatura Oral -  |z México 
910 |a Fondo General 
920 |a Impresos - Libros 
930 |a Colección General 
940 |a Literatura 
905 |a 101 
901 |a 0500099559  |b IT1  |c LIT  |u 20250521 
902 |a https://opac.biblio.iteso.mx/vufind/Record/000165005